Statystyki dla Państwa o największej liczbie Muzułmanów

Kliknij tutaj aby rozwiązać quiz!

Ogólne statystyki

  • Ten quiz został rozwiązany 17 512 razy
  • Średni wynik to 13 z 20

Statystyki odpowiedzi

#%Kraj% Poprawnych
35,2 mln96,2Arabia Saudyjska
90%
88,2 mln99,4Iran
88%
43,3 mln96,5Irak
87%
103 mln92,4Egipt
86%
80,0 mln93,5Turcja
86%
207 mln14,6Indie
83%
229 mln96,5Pakistan
78%
24,7 mln1,73Chiny
76%
44,7 mln99Algieria
72%
37,8 mln99Maroko
71%
41,4 mln99,7Afganistan
69%
33,0 mln97,2Jemen
65%
239 mln86,7Indonezja
63%
45,4 mln96Sudan
61%
26,1 mln98,3Niger
60%
118 mln53,5Nigeria
57%
156 mln91Bangladesz
48%
39,0 mln31,3Etiopia
43%
30,9 mln88,7Uzbekistan
43%
23,3 mln35,2Tanzania
19%

Rozkład punktacji

Percentyl według liczby udzielonych odpowiedzi

Procent ludzi z każdym wynikiem

Twoja historia wyników

Nie rozwiązałeś tego quizu